Về vấn đề giáo dục-Đào tạo

Nội dung sách bao gồm hai phần: Giáo dục-quốc sách hàng đầu,tương lai của dân tộc; đôi điều suy nghĩ về giáo dục phổ thông,bao gồm giáo dục chuyên nghiệp,dạy nghề; một số vấn đề cần quan tâm về giáo dụ đại học ở nước ta hiện nay....

وصف كامل

محفوظ في:
التفاصيل البيبلوغرافية
المؤلف الرئيسي: Phạm, Văn Đồng
التنسيق: كتاب
اللغة:Undetermined
منشور في: Hà Nội Chính trị Quốc gia 1999
الموضوعات:
الوسوم: إضافة وسم
لا توجد وسوم, كن أول من يضع وسما على هذه التسجيلة!
Thư viện lưu trữ: Trung tâm Học liệu Trường Đại học Cần Thơ
LEADER 00910nam a2200193Ia 4500
001 CTU_38388
008 210402s9999 xx 000 0 und d
082 |a 370.597 
082 |b Đ455 
100 |a Phạm, Văn Đồng 
245 0 |a Về vấn đề giáo dục-Đào tạo 
245 0 |c Phạm Văn Đồng 
260 |a Hà Nội 
260 |b Chính trị Quốc gia 
260 |c 1999 
520 |a Nội dung sách bao gồm hai phần: Giáo dục-quốc sách hàng đầu,tương lai của dân tộc; đôi điều suy nghĩ về giáo dục phổ thông,bao gồm giáo dục chuyên nghiệp,dạy nghề; một số vấn đề cần quan tâm về giáo dụ đại học ở nước ta hiện nay. 
650 |a Education and state 
650 |z Vietnam 
980 |a Trung tâm Học liệu Trường Đại học Cần Thơ